000 00503nam a22001697a 4500
005 20251108170916.0
008 250721s9999 xx 000 0 ara d
082 1 4 _aط/685.3/قصة
245 1 0 _aقصة صنع الحذاء وتطوره /
264 1 _aبيروت :
_bدار الشرق العربي،
_c[19-].
300 _a24ص
490 0 _aسلسلة العلماء والمخترعين
650 1 7 _aالأحذية
650 1 7 _aصناعة الأحذية
942 _2ddc
_cBK
999 _c51866
_d51866